| 000 | 00561nam a2200169 a 4500 | ||
|---|---|---|---|
| 001 | 000036444 | ||
| 005 | 20200930075732.0 | ||
| 008 | 120117s1991 xxu 000 0 spa d | ||
| 020 | _a0029010543 | ||
| 040 |
_aDO-SdBNP _bspa _cBNPHU |
||
| 100 | 1 |
_aArsenault, Raymond _962660 |
|
| 245 | 1 | 0 |
_aCrucible of liberty : _b200 years of the Bill of Rights / _cedited by Raymond Arsenault. |
| 246 | 1 | 0 |
_aCrucible of liberty: _bdoscientos years of the Bill of Rights |
| 260 |
_aNew York : _bFree Press, _c1991. |
||
| 300 |
_axi, 215 p. ; _c25 cm. |
||
| 500 | _aIncluye índice | ||
| 999 |
_c35935 _d35935 |
||